000 01088nam a2200313Ia 4500
003 OSt
005 20221007124412.0
006 a|||||r|||| 00| 0
007 ta
008 221006b |||||||| |||| 00| 0 eng d
020 _a9780471194040 (hbk)
024 _a180915
037 _b008, 04/05/2012, N R Book Distributors
_cTextual
040 _aCDL
_cCDL
_beng
041 _2eng
_aeng
082 _aE:3,E56, P7-;4 Carc
100 _aGriffiths Peter R
_9719145
245 0 _aFourier transform infrared spectrometry
_b De Haseth James A
250 _a2
260 _aNew
_bJersey John Wiley
_c2007
300 _axvii; 529p.
_ccm.
490 _achemical analysis : A series of monographs on analytical chemistry and its applications
500 _aIndex 509-529p.
650 _a Fourier transform infrared spectroscopy
_9719146
650 _aChemistry
700 _a De Haseth James A
_9719147
942 _hE:3,E56, P7-;4 Carc
_cTEXL
_2CC
999 _c1213475
_d1213475